000
00267nam a2200109Ia 4500
008
230907s9999||||xx |||||||||||||| ||und||
082
_a
620.118
_b
GAY
100
_a
Gay, Daniel,
_9
54875
245
0
_a
Composite materials :
300
_a
xxiii, 611 pages :
942
_c
BK
999
_c
600783
_d
600783